000 01206cam a2200313Ia 4500
001 u13839
003 SIRSI
005 20180220093721.0
008 960715m19939999paua b 001 0 eng d
020 _a0803118880
039 9 _a200312221249
_bnehal
_y200203190945
_zload
040 _aEAL.
050 _aSB950.93
_bP45 1993
245 0 0 _aPesticide formulation and application system /
_cPaul D. Berger, Bala N. Devisetty, and Franklin R. Hall, editors.
260 _aPhiladelphiai :
_bASTM,
_c<1993-- >.
300 _av. <13- > :
_bill. ;
_c24 cm.
500 _aProceeding of a Conferencce held in Miami, FL on 18-19 Nov. 1992.
500 _aSponsored by ASTM Committee E-35 on Pesticides and its Subcommittee E-35.22 on Pesticide Formulation and Application System.
504 _aIncludes bibliographical references and index.
596 _a1
650 0 _aPesticides
_vCongresses
700 1 0 _aBerger, Paul D.
700 1 0 _aDevisetty, Bala N.
700 1 0 _aHall, Franklin R.
710 2 0 _aASTM Committee E-35 on Pesticides.
910 _asea03/96
942 _cBK
_2lcc
999 _c22174
_d22174